000 00422nam a2200181Ia 4500
003 0100
008 130303s9999 xx 000 0 und d
040 _cARRUPELIB
050 _aBS2398.W1351962
100 _aWainwright, Arthur W
245 4 _aThe trinity in the New Testament
260 _aLondon
260 _bS.P.C.K.
260 _C1962
300 _a278p
650 _bConrad, Joseph Secret sharer
942 0 0 _02
999 _c44864
_d44864